Szczegóły MARC21

Mobile Datenbanken und Informationssysteme : Konzepte und Techniken

005 -DATA I CZAS OSTATNIEJ MODYFIKACJI [,]
    • @
    • pole kontrolne
    • 20061115100130.0
020 -Międzynarod. znormalizowany nr książki - ISBN [ , ]
    • a
    • Numer ISBN
    • 389864264X Find
040 -Instytucja sporządzająca opis [ , ]
    • a
    • Instytucja, która sporządziła opis (NP)
    • SZCZ U /IJ
    • c
    • Instytucja, która sporządziła rekord (NP)
    • SZCZ U/JŚ
041 -Język dokumentu [0, ]
    • a
    • Język tekstu (P)
    • niemiecki
044 -Kraj miejsca wydania [ , ]
    • a
    • Kraj miejsca wydania
    • Niemcy
942 -Rodzaj dokumentu [ , ]
    • c
    • Rodzaj dokumentu
    • Książka
100 -Hasło główne - nazwa osobowa [1, ]
    • a
    • Nazwa osobowa (NP)
    • HÖPFNER, HAGEN
245 -Strefa tytułu i oznaczenia odpowiedzialności [1,0]
    • a
    • Tytuł
    • Mobile Datenbanken und Informationssysteme Find
    • b
    • Ciąg dalszy tytułu (NP)
    • : Konzepte und Techniken Find
    • c
    • Pozostałe elementy strefy tytułu i oznaczenia odpowiedzialności (NP)
    • Hagen Höpfner, Can Tűrker, Birgitta König-Ries ; mit Beiträgen von Christoph Gollmick [i in.].
260 -Strefa adresu wydawniczego [ , ]
    • a
    • Miejsce wydania (P)
    • Heidelberg :
    • b
    • Nazwa wydawcy (P)
    • dpunkt.verlag,
    • c
    • Data wydania (P)
    • [cop.2005]. -
300 -Strefa opisu fizycznego [ , ]
    • a
    • Określenie formy książki i/lub objętość (NP)
    • XII, 315 s. :
    • b
    • Oznaczenie ilustracji (NP)
    • il. ;
    • c
    • Format (NP)
    • 24 cm.
500 -Uwaga ogólna [ , ]
    • a
    • Uwaga ogólna (NP)
    • Bibliogr. Ind.
080 -Uniwersalna Klasyfikacja Dziesiętna [ , ]
    • 2
    • Identyfikator wydania tablic
    • UDC-P022
    • a
    • Symbol klasyfikacji
    • 004.451
    • b
    • Dopowiedzenie
    • Systemy operacyjne. Zarządzanie zasobami. Zarządzanie pamięcią. Zarządzanie danymi. Zarządzanie plikami. Zarządzanie rekordami. Metody dostępu.
    • b
    • Dopowiedzenie
    • =język niemiecki
    • x
    • Poddział wspólny
    • =112.2
080 -Uniwersalna Klasyfikacja Dziesiętna [ , ]
    • 2
    • Identyfikator wydania tablic
    • UDC-P022
    • a
    • Symbol klasyfikacji
    • 004.6
    • b
    • Dopowiedzenie
    • Dane.
    • b
    • Dopowiedzenie
    • =język niemiecki
    • x
    • Poddział wspólny
    • =112.2
980 -Symbol UKD [ , ]
    • a
    • UKD
    • 004.451:004.6]=112.2
700 -Hasło dodatkowe - nazwa osobowa [1, ]
    • a
    • Nazwa osobowa (NP)
    • Tűrker, Can. Find
700 -Hasło dodatkowe - nazwa osobowa [1, ]
    • a
    • Nazwa osobowa (NP)
    • König-Ries, Birgitta. Find
700 -Hasło dodatkowe - nazwa osobowa [1, ]
    • a
    • Nazwa osobowa (NP)
    • Gollmick, Christoph. Find
920 -ISBN [ , ]
    • a
    • ISBN
    • 3-89864-264-X Find
Data inwentaryzacji Lokalizacja Status udost. Sygnatura Numer inwentarzowy
2006-11-03BE-2FUNDACJA POLSKO-NIEMIECKAS.92514